000 00246nam a22001217a 4500
040 _cSK
082 _a344
100 _aDEAP LOEUNG
245 _aFishing gears of the cambodian mekong
260 _aMRC
_bDEA
_c2003
300 _a267p.
942 _cEK
999 _c9980
_d9980